Coordinating cooperative collection development: a national perspective (Record no. 38764)

MARC details
000 -LEADER
fixed length control field 00717nam a2200169 a 4500
008 - FIXED-LENGTH DATA ELEMENTS--GENERAL INFORMATION
fixed length control field 120416s1986 ||||||||||||||||| || u
020 ## - INTERNATIONAL STANDARD BOOK NUMBER
International Standard Book Number 0866565434
050 ## - LIBRARY OF CONGRESS CALL NUMBER
Classification number Z 687.C68 Coo
100 ## - MAIN ENTRY--PERSONAL NAME
Personal name Luquire, Wilson
245 10 - TITLE STATEMENT
Title Coordinating cooperative collection development: a national perspective
Statement of responsibility, etc. edited by Wilson Luquire
260 ## - PUBLICATION, DISTRIBUTION, ETC.
Place of publication, distribution, etc. New York:
Name of publisher, distributor, etc. The Haworth Press
Date of publication, distribution, etc. 1986
300 ## - PHYSICAL DESCRIPTION
Extent 252p. : ill.
350 ## - PRICE (NR) (BK AM CF MU VM SE) [OBSOLETE]
Price 0.00
650 ## - SUBJECT ADDED ENTRY--TOPICAL TERM
Topical term or geographic name entry element COLLECTION DEVELOPMENT (LIBRARIES)--UNITED STATES--CONGRESSES
650 ## - SUBJECT ADDED ENTRY--TOPICAL TERM
Topical term or geographic name entry element LIBRARY COOPERATION--UNITED STATES--CONGRESSES
995 ## - RECOMMENDATION 995 [LOCAL, UNIMARC FRANCE]
-- 0.00
-- CBU-MAIN LIBRARY (Kitwe)
-- 1
-- 38.40
-- 1
-- AVAILABLE
-- Annex Low-Usage Collection
Holdings
Withdrawn status Lost status Source of classification or shelving scheme Damaged status Not for loan Home library Current library Shelving location Date acquired Total Checkouts Full call number Barcode Date last seen Price effective from Koha item type
          CBU-MAIN LIBRARY, KITWE. CBU-MAIN LIBRARY, KITWE.   11/30/2022   Z 687.C68 Coo 017533 11/30/2022 11/30/2022 MONOGRAPH